[Event "AUTO-MASTER-3283"]
[Site "http://www.queenalice.com/game.php?id=1863664"]
[Date "2025.9.30"]
[Round "1"]
[White "StarWarsJedi"]
[Black "Nolimet"]
[Result "1-0"]
[WhiteElo "2213"]
[BlackElo "1982"]

1. e4 c5 2. Nf3 Nc6 3. Bb5 Nf6 4. Nc3 e6 5. Bxc6 bxc6 6. e5 Nd5 7. Ne4 Be7 8. c4
Nb6 9. b3 O-O 10. O-O d5 11. cxd5 cxd5 12. Ng3 c4 13. d4 Bd7 14. Nh5 Rc8 15. Qe2
c3 16. Rd1 c2 17. Rd2 g6 18. Nf6+ Kg7 19. Rxc2 Rxc2 20. Qxc2 Bxf6 21. exf6+ Qxf6
22. Bg5 Qf5 23. Qd2 Rc8 24. Bh6+ Kg8 25. Qa5 Ra8 26. Rc1 Be8 27. Qb4 Nd7 28. Qb7
Rb8 29. Qxa7 Qh5 30. Bf4 Rd8 31. Qa5 1-0

[Event "AUTO-OPEN-4557"]
[Site "http://www.queenalice.com/game.php?id=1864124"]
[Date "2025.10.12"]
[Round "3"]
[White "StarWarsJedi"]
[Black "delphicoracle"]
[Result "1-0"]
[WhiteElo "2273"]
[BlackElo "2577"]

1. e4 c6 2. d4 d5 3. e5 c5 4. c3 Nc6 5. Be2 Bf5 6. Nf3 e6 7. O-O Bg6 8. a3 cxd4
9. cxd4 Nge7 10. Nc3 Bh5 11. Nh4 Bxe2 12. Nxe2 Na5 13. b3 Qb6 14. Rb1 Nec6 15.
Nf3 Be7 16. Qd3 O-O 17. h4 Rfc8 18. h5 h6 19. g4 Qa6 20. Qd1 Nd8 21. g5 1-0

[Event "AUTO-OPEN-4557"]
[Site "http://www.queenalice.com/game.php?id=1864125"]
[Date "2025.10.12"]
[Round "3"]
[White "delphicoracle"]
[Black "StarWarsJedi"]
[Result "0-1"]
[WhiteElo "2592"]
[BlackElo "2251"]

1. e4 c5 2. c3 Nf6 3. e5 Nd5 4. Nf3 d6 5. d4 cxd4 6. cxd4 Nc6 7. Bc4 Nb6 8. Bb5
dxe5 9. Nxe5 Bd7 10. Nxd7 Qxd7 11. Nc3 e6 12. O-O a6 13. Bxc6 Qxc6 14. Re1 Bb4
15. Qg4 Kf8 16. Bd2 h5 17. Qe2 Bxc3 18. Rac1 Qc4 19. Qxc4 Nxc4 20. Bxc3 Nb6 21.
Bb4+ Kg8 0-1

[Event "AUTO-MASTER-3283"]
[Site "http://www.queenalice.com/game.php?id=1869447"]
[Date "2026.2.18"]
[Round "2"]
[White "StarWarsJedi"]
[Black "JailtonMaster"]
[Result "1-0"]
[WhiteElo "2243"]
[BlackElo "2118"]

1. e4 e5 2. Nf3 Nc6 3. Bb5 a6 4. Ba4 b5 5. Bb3 Nf6 6. O-O Be7 7. d4 Na5 8. dxe5
Nxe4 9. Qd5 Nxb3 10. axb3 Nxf2 11. Qxa8 Bc5 12. Rxf2 O-O 13. Bg5 f6 14. Qd5+ Kh8
15. Qxc5 fxg5 16. Nc3 c6 17. Nxg5 1-0

[Event "AUTO-MASTER-3283"]
[Site "http://www.queenalice.com/game.php?id=1869448"]
[Date "2026.2.18"]
[Round "2"]
[White "JailtonMaster"]
[Black "StarWarsJedi"]
[Result "0-1"]
[WhiteElo "2150"]
[BlackElo "2294"]

1. d4 Nf6 2. c4 e6 3. Nc3 Bb4 4. Nf3 O-O 5. Bg5 c5 6. e4 cxd4 7. Nxd4 h6 8. Bh4
g5 9. e5 gxh4 10. exf6 Qxf6 11. Bd3 Nc6 12. Nxc6 Bxc3+ 13. bxc3 Qxc3+ 14. Kf1
dxc6 15. Rc1 Qg7 16. h3 e5 17. g3 hxg3 18. Rg1 Bxh3+ 19. Ke1 Bg4 20. Be2 gxf2+
21. Kxf2 f5 22. Ke1 Qg5 23. Bxg4 Qe3+ 24. Be2+ Qxg1+ 0-1

[Event "AUTO-MASTER-3283"]
[Site "http://www.queenalice.com/game.php?id=1869449"]
[Date "2026.2.18"]
[Round "2"]
[White "StarWarsJedi"]
[Black "cerenzo72"]
[Result "1-0"]
[WhiteElo "2320"]
[BlackElo "2146"]

1. e4 e5 2. Nf3 d6 3. d4 exd4 4. Nxd4 Nf6 5. Nc3 Be7 6. Bf4 O-O 7. Qd2 c5 8.
Ndb5 Qb6 9. O-O-O Rd8 10. Nxd6 Bxd6 11. Bxd6 Nc6 12. Na4 Qb4 13. Qxb4 cxb4 14.
f3 Be6 15. Nc5 b6 16. Nxe6 fxe6 17. Bb5 Rac8 18. Ba6 Rxd6 19. Bxc8 Rxd1+ 20.
Rxd1 Kf7 21. Rd6 Ne7 22. Bxe6+ Ke8 23. e5 Nfg8 24. Rd7 a5 25. Rb7 1-0

[Event "AUTO-MASTER-3283"]
[Site "http://www.queenalice.com/game.php?id=1869450"]
[Date "2026.2.18"]
[Round "2"]
[White "cerenzo72"]
[Black "StarWarsJedi"]
[Result "0-1"]
[WhiteElo "2153"]
[BlackElo "2313"]

1. c4 e5 2. Nc3 Nf6 3. g3 Bb4 4. Bg2 O-O 5. e4 Bxc3 6. dxc3 d6 7. Qc2 Be6 8. Bg5
Bxc4 9. Ne2 a5 10. O-O h6 11. Be3 Qd7 12. b3 Be6 13. f4 Bh3 14. Rad1 Bxg2 15.
Kxg2 Qc6 16. Kf3 exf4 17. Bxf4 Re8 18. Rd4 Nxe4 19. Rxe4 f5 20. Nd4 Qxe4+ 21.
Qxe4 fxe4+ 22. Ke3 g5 23. Bxg5 hxg5 24. g4 Re5 0-1